Joven y alumno: ¿conflicto de identidad?. Un estudio etnográfico en liceos de sectores populares

Guardat en:
Dades bibliogràfiques
Autors principals: Cerda Taverne, Ana María (Autor), Assael, Jenny (Autor), Ceballos, Florencio (Autor), Sepúlveda, Rodrigo (Autor)
Format: Llibre
Idioma:espanyol
Publicat: Santiago LOM 2000
Col·lecció:Enfoques Pedagógicos
Matèries:
Etiquetes: Afegir etiqueta
Sense etiquetes, Sigues el primer a etiquetar aquest registre!

MARC

LEADER 00000nam a2200000 a 4500
001 UCL4539
003 CL-VaPUC
008 040116e20000000CL |||||||||||||||||spa|d
020 |a 9562822818 
082 0 4 |a 306.43  |b CER  |2 21 
100 0 |a Cerda Taverne, Ana María  |e author  |9 482097 
700 |a Assael, Jenny  |e author  |9 312225 
700 0 |a Ceballos, Florencio  |e author  |9 482099 
700 0 |a Sepúlveda, Rodrigo  |e author  |9 482100 
245 1 0 |a Joven y alumno: ¿conflicto de identidad?. Un estudio etnográfico en liceos de sectores populares 
300 |a 152 p 
942 |c BK 
945 |d 20040116 00:00:00  |a cmena 
260 |a Santiago  |b LOM  |c 2000 
650 0 |a Sociología de la educación   |9 260380 
650 0 |a Adolescentes  |9 308058 
650 0 |a Participación social  |9 256140 
583 |a last modification  |c 20040116 00:00:00  |k Rodrigo Vera 
490 0 |a Enfoques Pedagógicos 
999 |c 307361  |d 307359 
952 |0 0  |1 0  |4 0  |6 306_430000000000000_CER_2000  |7 0  |8 A  |9 373286  |a BIBEDU  |b BIBEDU  |d 2019-11-21  |i 3978966  |o 306.43 CER 2000  |p 3978966  |r 2019-11-21  |w 2019-11-21  |y BK  |k EBA